Quizzes
Events
Quiz Creation
Community
Videos
Private Events
Remove Ads
Sign In
Join for FREE
Feedback
Dark Mode
Quiz Categories
Sports
Geography
Music
Movies
Television
Just For Fun
Miscellaneous
History
Literature
Language
Science
Gaming
Entertainment
Religion
Holiday
For Kids
Quiz Lab
Recent
Popular Today
Quiz Kudos Today
Editor Picks
Curator Picks
Quizzes by...
Day
Popularity
Type
Ratings
Length
Year
Community
Subscriptions
Recent Discussions
Orange Saloon
Badges
Playlists
Quests
Create
Leaderboards
Showdown
Live 5
Trivia Bingo
Activity
Puzzle Library
Sporcle Events
Private Events
Virtual Trivia
Globe League
Become a Host
Pub Owners
SporcleCon
Opinionation
Our Games
Videos
Blog
Mobile Apps
Partnerships
Remove Ads and Go Orange
Feedback
Sports
Athletes
MLB
NBA
NHL
NFL
Soccer
Sports Teams
WWE
NCAA
Football
Premier League
Basketball
Baseball
Hockey
Golf
Tennis
Cricket
Rugby
Auto Racing
Olympics
World Cup
Sports
Athletes
MLB
NBA
NHL
NFL
Soccer
Sports Teams
WWE
NCAA
Football
Premier League
Basketball
Baseball
Hockey
Golf
Tennis
Cricket
Rugby
Auto Racing
Olympics
World Cup
Random Quiz
Search Sporcle
×
Quiz Lab
Quiz Lab
Sports
Olympics
Type in answers that appear in a list
Type in answers that appear in a list
Classic
Best Score? Go Orange.
2002 Canadian Olympic Hockey Team Stats
Can you name the 2002 Canadian Olympic Hockey Team?
By
timopay
6m
23 Questions
223 Plays
223 Plays
223 Plays
Comments
Comments
Give Quiz Kudos
Give Quiz Kudos
-
- Ratings
hide this ad
Replay
Link that replays current quiz
Next Quiz
Link to next quiz in quiz playlist
You Got
0%
They Got
Avg Score
61%
Avg Friend Score
Upgrade to see
Score Distribution
Jump to the score distribution portion of the page
Score
0/23
Timer
06:00
0
Plays Today
Team in 2002
% Correct
Colorado Avalanche
Joe Sakic
96%
Detroit Red Wings
Steve Yzerman
89.7%
New Jersey Devils
Martin Brodeur
89.2%
Pittsburgh Penguins
Mario Lemieux
88.8%
Anaheim Mighty Ducks
Paul Kariya
78.9%
Calgary Flames
Jarome Iginla
78%
St. Louis Blues
Chris Pronger
71.7%
New Jersey Devils
Scott Niedermayer
67.3%
Toronto Maple Leafs
Curtis Joseph
63.2%
Colorado Avalanche
Adam Foote
63.2%
Dallas Stars
Ed Belfour
62.8%
Colorado Avalanche
Rob Blake
61.9%
Team in 2002
% Correct
New York Rangers
Eric Lindros
60.1%
Edmonton Oilers
Ryan Smyth
55.2%
Detroit Red Wings
Brendan Shanahan
54.3%
St. Louis Blues
Al MacInnis
52.5%
Philadelphia Flyers
Simon Gagne
50.2%
San Jose Sharks
Owen Nolan
44.8%
New York Rangers
Theoren Fleury
42.2%
Dallas Stars
Joe Nieuwendyk
42.2%
Edmonton Oilers
Eric Brewer
40.4%
Vancouver Canucks
Ed Jovanovski
38.6%
New York Islanders
Mike Peca
28.3%
Quiz Playlist
Details
Report
Send in Message
Add To Playlist
Classic:
Type in answers that appear in a list
Last Updated: Feb 16, 2017
Quiz Scoreboard
CHALLENGE
Sign Up to Join the Scoreboard
Show All
Scores
Hide
Comments
May contain spoilers
Recently Published
9x9 Crossword: Cartoon Network
by jackfrog10
Miscellaneous
3m
College Basketball Coaching Resumes
by pancakes188
Sports
9m
Billboard Blitz: Fleetwood Mac
by CooCooCachoo
Music
15s
More to Explore
Quiz From the Vault
Featured Blog Post
Where Did the Easter Bunny Come From?
hide this ad
You Might Also Like...
Tags
Canada Quiz
Hockey Quiz
Olympics Quiz
2002
team
Today's Top Quizzes in Sports
Browse Sports
hide this ad
Today's Top Quizzes in Olympics
Browse Olympics
Top Contributed Quizzes in Sports
1
2022 World Cup Stars
2
Les meilleurs buteurs des matchs entre le PSG et l’OM
3
FIFA Club World Cup Champions
4
Les entraîneurs de l'OM et du PSG au 21e siècle
5
Criteria MLB: Left Handed Sluggers
6
AFC Teams Reveal (Wrong Answers Minefield)
7
2023 MLB Unique Player Accomplishments
8
Players with Multiple 50 Home Run Seasons
9
5-to-1: FBS Animal Nicknames
10
5-to-1: UK Sports Teams
Explore More
Trending Topics
Marvel
Kpop
Harry Potter
Crossword
Disney
Anime
NBA
Song
The Office
WWE
Puzzle
NFL
Soccer
Pokémon
Country
hide this ad
More By:
timopay
Quiz
Plays
Rating
Category
Featured
Created
NHL Franchise Values 2010
758
3.82
Sports
Dec 1, 2010
Shakespeare Plays By Character
704
4.67
Literature
Oct 27, 2009
Bands In Other Words II
581
2.88
Music
Apr 9, 2010
Maple Leafs Playoff Opponents 1999-2004
452
3.67
Sports
Nov 30, 2009
Most Rolling Stone Covers
419
3.25
Music
Jan 26, 2010
Go to Creator's Profile
Score Distribution
Quiz Creator Spotlight
timopay
Follow
Send a Message
Quizzes Created
-
Created Quiz Play Count
-
More By This Creator
Popular Quizzes Today
1
Find the US States - No Outlines Minefield
2
Find the Countries of Europe - No Outlines Minefield
3
The Countries of the World
4
Find the US States
5
Risky Map Clicking: Biggest States A-Z
6
US States
7
Popular People in 1961
8
Movies - When Are They Set?
More Sports Quizzes
NFL Starting QBs 2010s
Quiz Lab
Trending Quizzes
Risky Map Clicking: Least Populous States A-Z
1-10 Letter G Words
1-10 Letter F Words
Risky Map Clicking: Next State Alphabetically
Adjectives in 80s TV Shows
Recently Updated
Leaping Animals
pecheneg
Reality TV Shows (A-Z)
bhenderson79
Rickey Henderson's Hall of Fame Teammates
pecheneg
Champions League XIs: Arsenal
pecheneg
Quick Pick: Celebrities in WWE's Hall of Fame
aduchscher
A-Z Keypad Blitz II
pecheneg
Multiple Oscar Actors
pecheneg
Mystery Phrase Blitz: Oscar 'Best Actors'
pecheneg
F. Scott Fitzgerald Novels
LTH
Pick 3 Villains
ddd62291
Trending Topics
Crossword
Anime
NBA
Harry Potter
Kpop
Marvel
Disney
Pokémon
The Office
Song
Soccer
Puzzle
NFL
WWE
Country
Your Account Isn't Verified!
In order to create a playlist on Sporcle, you need to verify the email address you used during registration. Go to your
Sporcle Settings
to finish the process.
Report this User
Report this user for behavior that violates our
Community Guidelines
.
Details:
Send Report
Go to the Sporcle.com Mobile Site →
Comments